Statistics for Is It a Real Metal Subgenre?

Click here to take the quiz!

General Stats

  • This quiz has been taken 465 times
  • The average score is 8 of 10

Answer Stats

QuestionAnswer% Correct
Which of these is a real metal subgenre?Deathcore
98%
Which of these is a real metal subgenre?Speed metal
95%
Which of these is a real metal subgenre?Goregrind
88%
Which of these is a real metal subgenre?Sludge metal
88%
Which of these is a real metal subgenre?Funeral doom metal
84%
Which of these is a real metal subgenre?Djent
81%
Which of these is a real metal subgenre?Blackgaze
74%
Which of these is a real metal subgenre?Brutal slamming death metal
66%
Which of these is a real metal subgenre?Unblack Metal
65%
Which of these is a real metal subgenre?Death 'n' Roll
55%

Score Distribution

Percentile by Number Answered

Percent of People with Each Score

Your Score History

You have not taken this quiz